Art of Advocacy as Practised in India / (Record no. 613697)

000 -LEADER
fixed length control field 00322nam a22001217a 4500
082 ## - DEWEY DECIMAL CLASSIFICATION NUMBER
Classification number 347.995491
100 ## - MAIN ENTRY--PERSONAL NAME
Personal name Singh, Ajaib
245 ## - TITLE STATEMENT
Title Art of Advocacy as Practised in India /
Statement of responsibility, etc. Ajaib Singh
260 ## - PUBLICATION, DISTRIBUTION, ETC.
Place of publication, distribution, etc. New Delhi :
Name of publisher, distributor, etc. APH Publishing Corporation,
Date of publication, distribution, etc. 1996.
300 ## - PHYSICAL DESCRIPTION
Extent 167 p.
563 ## - BINDING INFORMATION
Binding note HB.
942 ## - ADDED ENTRY ELEMENTS (KOHA)
Source of classification or shelving scheme
Koha item type Book
Holdings
Withdrawn status Lost status Source of classification or shelving scheme Damaged status Not for loan Permanent Location Current Location Date acquired Total Checkouts Full call number Barcode Checked out Date last seen Date last checked out Price effective from Koha item type
          NUST Law School (NLS) NUST Law School (NLS) 05/12/2025 2 347.995491 NLSD-34 12/25/2025 11/25/2025 11/25/2025 05/12/2025 Book
© 2023 Central Library, National University of Sciences and Technology. All Rights Reserved.